000 00759nam a2200205Ia 4500
003 GCL
008 140319s9999 xx 000 0 ara d
020 _a3201287977
040 _aGCL /
_cGCL
082 0 4 _a668.493
_bم ت
100 1 _aمحمد اسماعيل عمر
245 1 0 _aتكنولوجيا التصنيع بالحقن والرغاوى لمواد البلاستيك /
_cمحمد اسماعيل عمر
260 _aالقاهرة :
_bدار الكتب العلمية للنشر والتوزيع ،
_c2001
300 _a312 ص ؛
_c24 سم
650 0 4 _aالبلاستيك
650 0 4 _aالبلاستيك - تشكيل
650 0 4 _aالبلاستيك - صناعة وتجارة
650 0 4 _aالبلاستيك الرغوى
942 _2ddc
_cBK
999 _c6481
_d6481